NLSUI OPAC header image

Conflict Society and Peace Building (Record no. 120759)

MARC details
000 -LEADER
fixed length control field 00311nam a2200121Ia 4500
100 ## - MAIN ENTRY--PERSONAL NAME
Personal name Marchetti, Raffaele
245 #0 - TITLE STATEMENT
Title Conflict Society and Peace Building
264 ## - PRODUCTION, PUBLICATION, DISTRIBUTION, MANUFACTURE, AND COPYRIGHT NOTICE
Name of producer, publisher, distributor, manufacturer Routledge
Date of production, publication, distribution, manufacture, or copyright notice 2011
300 ## - PHYSICAL DESCRIPTION
Extent 321
700 ## - ADDED ENTRY--PERSONAL NAME
Personal name Tocci, Nathalie
942 ## - ADDED ENTRY ELEMENTS (KOHA)
Koha item type CSSEIP Office Library Collection
Holdings
Withdrawn status Lost status Damaged status Not for loan Home library Current library Shelving location Date acquired Total Checkouts Barcode Date last seen Price effective from Koha item type
      Not For Loan . . CSSEIP Office Library - Gandhian Studies 23.06.2020   G0111 23.06.2020 23.06.2020 CSSEIP Office Library Collection